000 00466nam a2200169Ia 4500
008 220216s9999 xx 000 0 und d
100 _aLeicht D C
245 0 _aAdhesion failure in bonded rubber cylinders. Part.1. Internal penny-shaped cracks
260 _bRubber Chemistry and Technology
_c2003
300 _a160-173
650 _aRubber cylinders
700 _aGent A N
700 _aMullen R L
700 _aPadovan J
700 _aYeoh O H
942 _cJS
999 _c53809
_d53809